000
00318pab a2200145 454500
008
180718b2002 xxu||||| |||| 00| 0 eng d
100
_a
Clark, John
245
_a
Influencing institutions
260
_c
2002
300
_a
p.22-26.
362
_a
Jun
650
_a
Organizations
773
_a
Seminar
909
_a
52545
999
_c
52545
_d
52545